000 00229 a2200109 4500
001 64527
082 _a004.6 MAL
090 _c38155
_d38155
100 _aMaloni, Kelly
245 _aNet tech
260 _aNew York
_bRandom House
942 _aNUST-CAE
_k004.6 MAL
999 _c299600
_d299600